000
00307nam a2200121 a 4500
005
20140414093830.0
008
970110s19uu xx 00 eng d
050
_a
VHS SD
_b
R 02
245
_a
Power Dressing Seminar. Aug 27, 1999/
_c
Delby Bragais.
260
_c
08/27/99.
942
_c
AVM
999
_c
108647
_d
108647